[Event "Campionato tedesco 2007"]
[Site "Bad Königshofen GER"]
[Date "2007.01.24"]
[Round "6.1"]
[White "Naiditsch, Arkadij"]
[Black "Graf, Alexander"]
[Result "1-0"]
[WhiteElo "2663"]
[BlackElo "2610"]
[PlyCount "61"]
[EventDate "2007.01.19"]
[Source "www.chesslib.no"]
[SourceDate "2004.05.04"]

1. e4 e5 2. Nf3 Nc6 3. Bc4 Nf6 4. Ng5 d5 5. exd5 Na5 6. Bb5+ Bd7 7. Qe2 Be7 8. Nc3 O-O 9. O-O Bxb5 10. Qxb5 c6 11. dxc6 Nxc6 12. Qxb7 Nd4 13. Nge4 Nxc2 14. Rb1 Qd3 15. Qxe7 Nxe4 16. Qxe5 Ne3 17. fxe3 Nxc3 18. bxc3 Qxb1 19. Ba3 Qxa2 20. Bxf8 Rxf8 21. d4 f6 22. Qc5 Rb8 23. e4 Kh8 24. e5 fxe5 25. Qxe5 Qb3 26. h3 h6 27. d5 a5 28. d6 a4 29. d7 a3 30. Qd6 Rd8 31. Rf8+ 1-0

[Event "Queens-Kings"]
[Site "Jinan"]
[Date "2002.07.21"]
[Round "1"]
[White "Short, Nigel D"]
[Black "Xie Jun"]
[Result "0-1"]
[WhiteElo "2682"]
[BlackElo "2562"]
[PlyCount "86"]
[EventDate "2002.07.21"]
[Source "ChessBase"]
[SourceDate "2002.11.12"]

1. e4 e5 2. Nf3 Nc6 3. Bc4 Nf6 4. Ng5 d5 5. exd5 Na5 6. Bb5+ Bd7 7. Qe2 Be7 8. Nc3 O-O 9. O-O Bg4 10. Qxe5 Bd6 11. Qd4 c5 12. Qd3 a6 13. h3 Bc8 14. Ba4 b5 15. Nxb5 axb5 16. Bxb5 c4 17. Qd4 Bb7 18. d3 Bxd5 19. Be3 Qc7 20. Rad1 Bh2+ 21. Kh1 Be5 22. Qc5 Qb7 23. f3 Rfc8 24. Qb6 Qxb6 25. Bxb6 Rcb8 26. Bxa5 Rxb5 27. Bc3 Bxc3 28. bxc3 h6 29. Ne4 Bxe4 30. dxe4 Rxa2 31. Rd4 Rxc2 32. Rxc4 Rbb2 33. Rg1 Nh5 34. e5 Ng3+ 35. Kh2 Ne2 36. Re1 g5 37. Rg4 Kg7 38. h4 Kg6 39. hxg5 hxg5 40. Ra1 Nf4 41. Ra6+ Kh5 42. Rf6 Nxg2 43. Kg3 Ne3 0-1

[Event "Tch-ESP Division de Honor"]
[Site "Lanzarote"]
[Date "2003.05.11"]
[Round "6.18"]
[White "Short, Nigel"]
[Black "Hector, Jonny"]
[Result "1-0"]
[WhiteElo "2686"]
[BlackElo "2553"]
[PlyCount "87"]
[EventDate "2003.05.06"]
[Source "Roberto Alvarez"]
[SourceDate "2003.05.19"]

1. e4 e5 2. Nf3 Nc6 3. Bc4 Nf6 4. Ng5 d5 5. exd5 Na5 6. Bb5+ Bd7 7. Qe2 Be7 8. Nc3 O-O 9. O-O Bg4 10. f3 Bh5 11. Qxe5 Bg6 12. Nge4 a6 13. Bd3 Re8 14. Kh1 b5 15. a3 Nb7 16. Qg3 Nh5 17. Qf2 f5 18. g4 fxe4 19. gxh5 Bh4 20. Qg2 exf3 21. Qxf3 Bxd3 22. Qxd3 Qg5 23. b3 Nd6 24. Bb2 Qxh5 25. Qh3 Qh6 26. Rg1 Bg5 27. Qxh6 Bxh6 28. d3 Re7 29. Raf1 Rae8 30. Nd1 g6 31. c4 Bg7 32. Bxg7 Kxg7 33. c5 Nf7 34. b4 Re2 35. Rg2 Nh6 36. Rxe2 Rxe2 37. Nc3 Rd2 38. d6 cxd6 39. Ne4 Rc2 40. cxd6 Nf7 41. d7 Nd8 42. Nc5 a5 43. Re1 axb4 44. Ne6+ 1-0

[Event "XXIV ECC"]
[Site "Kallithea GRE"]
[Date "2008.10.19"]
[Round "3"]
[White "Yemelin, V."]
[Black "Tomashevsky, E."]
[Result "0-1"]
[WhiteElo "2573"]
[BlackElo "2646"]
[PlyCount "94"]
[EventDate "2008.10.17"]
[Source "www.chesslib.no"]
[SourceDate "2004.05.04"]

1. e4 e5 2. Nf3 Nc6 3. Bc4 Nf6 4. Ng5 d5 5. exd5 Na5 6. Bb5+ c6 7. dxc6 bxc6 8. Qf3 Rb8 9. Bd3 Bd6 10. Nc3 Bg4 11. Qg3 e4 12. Qe3 O-O 13. Ngxe4 Nxe4 14. Nxe4 Re8 15. f3 Bc8 16. g4 f5 17. gxf5 Bxf5 18. b3 Be5 19. c3 c5 20. Ba3 c4 21. Bc2 cxb3 22. axb3 Kh8 23. d4 Bc7 24. Rb1 Rb6 25. Ke2 Qh4 26. Rbg1 h6 27. Kd1 Nxb3 28. Re1 Na5 29. Qe2 Qd8 30. Rhg1 Qd5 31. Bc1 Nb3 32. Qg2 Rg6 33. Bxb3 Qxb3+ 34. Qc2 Qd5 35. Rxg6 Bxg6 36. Qd3 Rf8 37. c4 Qh5 38. Rf1 Qh3 39. Ke2 Bxh2 40. d5 Bg3 41. Be3 Qg2+ 42. Bf2 Bh5 43. Rg1 Bxf3+ 44. Kd2 Qh2 45. Qa3 Rf7 46. Qa4 Bxf2 47. Qe8+ Kh7 0-1

[Event "Complete Chess Match"]
[Site "Maastricht NED"]
[Date "2008.03.06"]
[Round "4"]
[White "Stellwagen, D."]
[Black "L'Ami, E."]
[Result "1/2-1/2"]
[WhiteElo "2625"]
[BlackElo "2581"]
[PlyCount "71"]
[EventDate "2008.03.03"]
[Source "www.chesslib.no"]
[SourceDate "2004.05.04"]

1. e4 e5 2. Nf3 Nc6 3. Bc4 Nf6 4. Ng5 d5 5. exd5 Na5 6. Bb5+ c6 7. dxc6 bxc6 8. Bd3 Ng4 9. Ne4 f5 10. Be2 h5 11. h3 fxe4 12. hxg4 Bc5 13. b4 Qd4 14. bxc5 O-O 15. O-O Qxa1 16. Nc3 e3 17. gxh5 exf2+ 18. Rxf2 Rxf2 19. Kxf2 Be6 20. Bf3 Rf8 21. Kg3 Bxa2 22. Qe1 Be6 23. d4 Nc4 24. Kh2 Rxf3 25. gxf3 Bf7 26. h6 gxh6 27. Ne4 Bg6 28. Qf1 Kh8 29. Qxc4 Qxc1 30. Qe6 Qf4+ 31. Ng3 Bh5 32. Qc8+ Kh7 33. Qc7+ Kg8 34. Qb8+ Kf7 35. Qc7+ Kg8 36. Qb8+ 1/2-1/2

[Event "Koszalin 73/368"]
[Site "?"]
[Date "1998.??.??"]
[Round "?"]
[White "Sulskis, Sarunas"]
[Black "Beliavsky, Alexander G"]
[Result "0-1"]
[WhiteElo "2555"]
[BlackElo "2645"]
[PlyCount "120"]
[EventDate "1998.??.??"]
[Source "ChessBase"]
[SourceDate "1998.06.01"]

1. e4 e5 2. Nf3 Nc6 3. Bc4 Nf6 4. Ng5 d5 5. exd5 Na5 6. Bb5+ Bd7 7. Qe2 Bd6 8. Nc3 O-O 9. Bxd7 Qxd7 10. O-O c6 11. dxc6 Nxc6 12. d3 Nd4 13. Qd1 Rac8 14. Be3 Ba3 15. Bxd4 exd4 16. Nge4 Nxe4 17. Nxe4 Bxb2 18. Rb1 Ba3 19. g4 Be7 20. f4 f5 21. gxf5 Rxf5 22. Qf3 b6 23. Rf2 Rcf8 24. Rbf1 Qe6 25. Re2 Qf7 26. Ng3 Ra5 27. Qe4 Bf6 28. a4 Rxa4 29. c4 Ra5 30. Kg2 Rc5 31. Ra1 Rc7 32. Qe6 Rb8 33. Nf5 Rd8 34. Kf3 Kf8 35. Qxf7+ Kxf7 36. Ra6 Rdd7 37. h3 Rc5 38. Ng3 Be7 39. Ne4 Rcc7 40. f5 Rb7 41. Rb2 Ke8 42. Rb5 Kd8 43. Rb1 Kc8 44. h4 Rbc7 45. h5 Rc6 46. Ra2 a5 47. Rg1 Bf8 48. Kf4 Kb7 49. Ng5 g6 50. hxg6 hxg6 51. Ne6 Bd6+ 52. Kf3 gxf5 53. Nxd4 Rc8 54. Nb5 Bb4 55. Kf4 Rxd3 56. Rg7+ Kb8 57. Rh2 Rxc4+ 58. Ke5 Bc3+ 59. Nxc3 Rdxc3 60. Kxf5 Rc7 0-1

[Event "Internatonal Open"]
[Site "Sydney AUS"]
[Date "2008.03.28"]
[Round "6"]
[White "Zhang Zhong"]
[Black "Ganguly, S."]
[Result "1/2-1/2"]
[WhiteElo "2617"]
[BlackElo "2579"]
[PlyCount "61"]
[EventDate "2008.03.25"]
[Source "www.chesslib.no"]
[SourceDate "2004.05.04"]

1. e4 e5 2. Nf3 Nc6 3. Bc4 Nf6 4. Ng5 d5 5. exd5 Na5 6. Bb5+ c6 7. dxc6 bxc6 8. Qf3 Rb8 9. Bd3 h6 10. Ne4 Nd5 11. b3 g6 12. Bb2 Bg7 13. Qg3 O-O 14. Bxe5 Bxe5 15. Qxe5 f5 16. Qxb8 fxe4 17. Bxe4 Qe7 18. O-O Nf4 19. Nc3 Bg4 20. Qxf8+ Kxf8 21. Rfe1 Qd6 22. Re3 Qxd2 23. h3 Ne2+ 24. Nxe2 Bxe2 25. Bxg6 Nb7 26. Be4 Nd6 27. Bd3 Qc3 28. Rc1 Qd2 29. Ra1 Qc3 30. Rc1 Qd2 31. Ra1 1/2-1/2

[Event "RUS"]
[Site "?"]
[Date "2006.04.29"]
[Round "10"]
[White "Inarkiev Ernesto"]
[Black "Yandemirov Valeri"]
[Result "1/2-1/2"]
[WhiteElo "2602"]
[BlackElo "2520"]
[PlyCount "126"]
[EventDate "2006.??.??"]
[Source "www.chesslib.no"]
[SourceDate "2004.05.04"]

1. e4 e5 2. Nf3 Nc6 3. Bc4 Nf6 4. Ng5 d5 5. exd5 Na5 6. Bb5+ Bd7 7. Qe2 Be7 8. Nf3 O-O 9. Nxe5 Bxb5 10. Qxb5 Bd6 11. d4 Bxe5 12. dxe5 Qxd5 13. Qxd5 Nxd5 14. Bd2 Nc4 15. Nc3 Nxc3 16. Bxc3 Nxe5 17. O-O-O Nc6 18. Rd7 Rac8 19. b4 a6 20. a4 Rfd8 21. Rhd1 f6 22. Kb2 Rxd7 23. Rxd7 Nb8 24. Rd3 Nc6 25. Rd7 Nb8 26. Rd5 Nc6 27. b5 axb5 28. axb5 Ne7 29. Rd7 Ng6 30. b6 cxb6 31. Rxb7 Nf4 32. g3 Ne2 33. Bd2 Nd4 34. c3 Nf3 35. Be3 Nxh2 36. Bxb6 Nf3 37. Be3 Ne5 38. Kb3 Nc4 39. Kb4 h5 40. Bd4 Nd6 41. Rd7 Rc4+ 42. Kb3 Rc6 43. Kc2 Nf5 44. Kd3 g5 45. Ba7 h4 46. gxh4 gxh4 47. Bb8 Rb6 48. Bf4 Ng7 49. Ra7 Rb2 50. Bd2 Rb5 51. c4 Rf5 52. Be3 Ne6 53. f4 h3 54. Ke4 Rh5 55. Ra1 h2 56. Rh1 Kf7 57. Bf2 Ra5 58. Rxh2 f5+ 59. Kf3 Ra3+ 60. Be3 Rc3 61. c5 Nxc5 62. Rh7+ Kg6 63. Rc7 Kf6 1/2-1/2

[Event "Sufe Cup"]
[Site "Shanghai"]
[Date "2000.03.05"]
[Round "3"]
[White "Yin Hao"]
[Black "Peng Xiaomin"]
[Result "0-1"]
[WhiteElo "2496"]
[BlackElo "2624"]
[PlyCount "74"]
[EventDate "2000.03.03"]
[Source "ChessBase"]
[SourceDate "2000.05.31"]

1. e4 e5 2. Nf3 Nc6 3. Bc4 Nf6 4. Ng5 d5 5. exd5 Na5 6. Bb5+ Bd7 7. Qe2 Be7 8. b4 Bxb4 9. Qxe5+ Qe7 10. Qxe7+ Bxe7 11. Bxd7+ Nxd7 12. Ne4 Nf6 13. Nbc3 Nxe4 14. Nxe4 O-O-O 15. Bb2 Rhg8 16. d3 Rxd5 17. O-O Nc6 18. Rfe1 f5 19. Ng3 g6 20. Nf1 Rb5 21. Rab1 Ra5 22. d4 Bd6 23. Ra1 Ra4 24. c3 Na5 25. Ne3 Re8 26. Kf1 c6 27. h3 Bf4 28. Nc2 Rxe1+ 29. Nxe1 Nc4 30. Nd3 Nxb2 31. Nxf4 Ra3 32. Ne2 Na4 33. c4 Nb2 34. c5 Nd3 35. f3 Nb4 36. Rb1 a5 37. Nc1 Nc2 0-1

[Event "Camp. olandese"]
[Site "Hilversum OLA"]
[Date "2008.04.12"]
[Round "10"]
[White "Stellwagen, D."]
[Black "De Jong, JW."]
[Result "1-0"]
[WhiteElo "2621"]
[BlackElo "2474"]
[PlyCount "77"]
[EventDate "2008.04.02"]
[Source "www.chesslib.no"]
[SourceDate "2004.05.04"]

1. e4 e5 2. Nf3 Nc6 3. Bc4 Nf6 4. Ng5 d5 5. exd5 Na5 6. Bb5+ c6 7. dxc6 bxc6 8. Bd3 h6 9. Ne4 Nd5 10. O-O Be7 11. Ng3 g6 12. Re1 Qc7 13. b3 O-O 14. Bb2 Bd6 15. c4 Nf4 16. Bf1 c5 17. Nc3 f6 18. Nge4 Qd8 19. Ba3 Nb7 20. Nd5 Ne6 21. Nxd6 Qxd6 22. b4 cxb4 23. Bxb4 Nbc5 24. Bc3 Nd4 25. Bxd4 exd4 26. Qb1 Bf5 27. Qb2 Ne6 28. Qb7 Rae8 29. Qxa7 Rf7 30. Qa4 Rb8 31. d3 Kg7 32. Rab1 Rfb7 33. Rxb7+ Rxb7 34. Qa8 Qb8 35. Qa6 Rb1 36. Rxb1 Qxb1 37. Qa7+ Kg8 38. Qe7 g5 39. Qxf6 1-0

[Event "Camp. Commonwealth 2008"]
[Site "Nagpur IND"]
[Date "2008.10.03"]
[Round "8"]
[White "Short, N."]
[Black "Sethuraman, S."]
[Result "1-0"]
[WhiteElo "2655"]
[BlackElo "2425"]
[PlyCount "172"]
[EventDate "2008.09.28"]
[Source "www.chesslib.no"]
[SourceDate "2004.05.04"]

1. e4 e5 2. Nf3 Nc6 3. Bc4 Nf6 4. Ng5 d5 5. exd5 Na5 6. Bb5+ c6 7. dxc6 bxc6 8. Qf3 Be7 9. Nc3 O-O 10. Bd3 h6 11. h4 Nd5 12. Bh7+ Kh8 13. Bf5 Bxg5 14. hxg5 Qxg5 15. Bxc8 Raxc8 16. d3 Qg6 17. Bd2 Nxc3 18. Bxc3 Nb7 19. O-O-O f6 20. Rh3 Nd6 21. Rdh1 Kh7 22. Bd2 Qf5 23. Qe2 c5 24. b3 e4 25. Rh5 Qg6 26. Bxh6 gxh6 27. Rxh6+ Qxh6+ 28. Rxh6+ Kxh6 29. Qe3+ Kg7 30. Qg3+ Kf7 31. Qxd6 Rfd8 32. Qh2 exd3 33. Qh7+ Ke6 34. cxd3 Rd7 35. Qh3+ Ke7 36. Qf5 Rcc7 37. Kc2 Rd6 38. g4 Kd8 39. Kb2 Rcc6 40. Kc3 Rd7 41. f4 Kc7 42. a3 Rdd6 43. Qh7+ Rd7 44. Qg8 Rd8 45. Qf7+ Rd7 46. Qe8 Rd8 47. Qe3 Rdd6 48. g5 fxg5 49. fxg5 Kb7 50. Qe7+ Kb6 51. Qe5 Kb7 52. Qf5 Kb6 53. Qf4 Kb7 54. Kd2 Re6 55. Qc4 Kc7 56. a4 Kb7 57. b4 cxb4 58. Qxb4+ Rb6 59. Qa5 Rbd6 60. Qc5 Rc6 61. Qb5+ Kc7 62. d4 Rcd6 63. Kd3 a6 64. Qc5+ Kd7 65. Qf5 Ke7 66. d5 Rg6 67. Kd4 Ke8 68. a5 Ke7 69. Kc5 Ke8 70. Qb1 Ke7 71. Qb8 Rd7 72. Qe5+ Kd8 73. Qb8+ Ke7 74. Qf4 Rdd6 75. Qe4+ Kd8 76. Qe5 Rd7 77. d6 Rdg7 78. Qf4 Kd7 79. Qf5+ Kd8 80. Qf3 Kd7 81. Qb7+ Ke8 82. Qc8+ Kf7 83. d7 Rxg5+ 84. Kb6 R5g6+ 85. Kc7 Ke6 86. Qe8+ Kf5 1-0

[Event "Hamburg-ch int"]
[Site "Hamburg"]
[Date "2002.05.21"]
[Round "4"]
[White "Sax, Gyula"]
[Black "Hector, Jonny"]
[Result "0-1"]
[WhiteElo "2566"]
[BlackElo "2513"]
[PlyCount "84"]
[EventDate "2002.05.18"]
[Source "ChessBase"]
[SourceDate "2002.07.08"]

1. e4 e5 2. Nf3 Nc6 3. Bc4 Nf6 4. Ng5 d5 5. exd5 Na5 6. Bb5+ Bd7 7. Qe2 Be7 8. d4 exd4 9. b4 O-O 10. bxa5 Bb4+ 11. Kd1 Re8 12. Qc4 Qe7 13. Bd2 Bxd2 14. Nxd2 c6 15. dxc6 bxc6 16. Qxf7+ Qxf7 17. Nxf7 cxb5 18. Nd6 Rf8 19. f3 Nd5 20. Nb3 Ne3+ 21. Kd2 Rad8 22. Nxd4 Nxg2 23. Nb7 Rc8 24. Rhg1 Nh4 25. Rae1 Rf4 26. c3 Rxd4+ 27. cxd4 Nxf3+ 28. Kd3 Bc6 29. Nd6 Rd8 30. Nf5 Kf8 31. Rc1 g6 32. Rxc6 Ne5+ 33. Ke3 Nxc6 34. Rc1 Nxa5 35. Ng3 Nc4+ 36. Kd3 Ke7 37. Rb1 Nd6 38. Ne4 Nf5 39. Ng3 Rxd4+ 40. Kc3 Rc4+ 41. Kd3 Nxg3 42. Rxb5 Rg4 0-1

[Event "World Cup VII Final"]
[Site "Cork World Cup VII Final"]
[Date "1994.??.??"]
[Round "?"]
[White "Veinger, Itzhak"]
[Black "Krivonosovs, Valerijs"]
[Result "1/2-1/2"]
[WhiteElo "2585"]
[BlackElo "2490"]
[PlyCount "25"]
[EventDate "1994.??.??"]
[Source "www.chesslib.no"]
[SourceDate "2004.05.04"]

1. e4 e5 2. Nf3 Nc6 3. Bc4 Nf6 4. Ng5 d5 5. exd5 Na5 6. Bb5+ Bd7 7. Qe2 Be7 8. Nc3 O-O 9. Bxd7 Qxd7 10. O-O Rfe8 11. d3 Bb4 12. Bd2 Bxc3 13. Bxc3 1/2-1/2

[Event "Nationale I Jeune, Suce sur Erdre"]
[Site "?"]
[Date "1998.??.??"]
[Round "?"]
[White "Pottier, Alexandre"]
[Black "Tessard, Julie"]
[Result "1-0"]
[WhiteElo "2760"]
[BlackElo "2290"]
[PlyCount "99"]
[EventDate "1998.??.??"]
[Source "www.chesslib.no"]
[SourceDate "2004.05.04"]

1. e4 e5 2. Nf3 Nc6 3. Bc4 Nf6 4. Ng5 d5 5. exd5 Na5 6. Bb5+ Bd7 7. Bxd7+ Qxd7 8. Qf3 Qxd5 9. Qxd5 Nxd5 10. O-O h6 11. Nf3 Bc5 12. Re1 Bd6 13. Nxe5 Bxe5 14. Rxe5+ Ne7 15. Rxa5 O-O 16. Nc3 Rfe8 17. Re5 Rad8 18. d3 c6 19. Bf4 Ng6 20. Rxe8+ Rxe8 21. Be3 a6 22. Re1 Nf4 23. Kf1 Ng6 24. Bb6 Rc8 25. Ne4 Nf4 26. Nd6 Rb8 27. Bc7 Ra8 28. Nxb7 Ra7 29. Bxf4 Rxb7 30. b3 Rb4 31. Re4 Rb5 32. Rc4 c5 33. Bd6 Ra5 34. a4 Kh7 35. Bc7 Rb5 36. axb5 axb5 37. Rxc5 b4 38. d4 Kg6 39. d5 Kf6 40. d6 Ke6 41. Re5+ Kd7 42. Ke2 f6 43. Re7+ Kc6 44. Bb8 g6 45. d7 f5 46. d8=Q h5 47. Rc7+ Kb5 48. Qd5+ Kb6 49. Qd6+ Kb5 50. Rc5# 1-0

[Event "Ch France (team) 2007"]
[Site "France"]
[Date "2007.06.03"]
[Round "11"]
[White "Lepelletier Benoit (FRA)"]
[Black "Postny Evgeny (ISR)"]
[Result "0-1"]
[WhiteElo "2423"]
[BlackElo "2622"]
[PlyCount "48"]
[EventDate "2007.??.??"]
[Source "www.chesslib.no"]
[SourceDate "2004.05.04"]

1. e4 e5 2. Nf3 Nc6 3. Bc4 Nf6 4. Ng5 d5 5. exd5 Na5 6. Bb5+ Bd7 7. Qe2 Bd6 8. Nc3 O-O 9. Nge4 Nxe4 10. Nxe4 Bxb5 11. Qxb5 c6 12. dxc6 Nxc6 13. O-O Nd4 14. Qd3 Be7 15. Ng3 f5 16. c3 Nc6 17. Qc4+ Kh8 18. d4 exd4 19. Bf4 dxc3 20. Rad1 Qa5 21. bxc3 Rad8 22. Qe6 Rxd1 23. Rxd1 Qa4 24. Rd7 Qxf4 0-1

[Event "It (open)"]
[Site "Taby (Sweden)"]
[Date "2007.08.09"]
[Round "8"]
[White "Li Chao (CHN)"]
[Black "Wedberg Tom (SWE)"]
[Result "1-0"]
[WhiteElo "2529"]
[BlackElo "2507"]
[PlyCount "139"]
[EventDate "2007.??.??"]
[Source "www.chesslib.no"]
[SourceDate "2004.05.04"]

1. e4 e5 2. Nf3 Nc6 3. Bc4 Nf6 4. Ng5 d5 5. exd5 Na5 6. Bb5+ Bd7 7. Qe2 Be7 8. Nf3 O-O 9. Nxe5 Bf5 10. O-O Bxc2 11. Nc3 a6 12. Bc4 Nxc4 13. Qxc4 Bd6 14. d4 Re8 15. Qe2 Bg6 16. Bg5 Qc8 17. f4 Nd7 18. Qf3 f6 19. Nxg6 hxg6 20. Bh4 f5 21. Rae1 Rxe1 22. Rxe1 Nf8 23. Be7 Qd7 24. Bxf8 Rxf8 25. a3 Be7 26. Qd3 Bf6 27. Kf1 Qd6 28. g3 Qb6 29. Ne2 Qxb2 30. Rb1 Qa2 31. Rxb7 Qxd5 32. Qb3 Qxb3 33. Rxb3 Rd8 34. Rb4 Rd6 35. Rc4 a5 36. h4 c6 37. Kf2 Kf7 38. Ke3 Re6+ 39. Kd3 Rd6 40. a4 Kg8 41. Rc2 Kh7 42. Rc5 Bd8 43. Re5 Bb6 44. Kc4 Kh6 45. Re8 Kh5 46. Re7 Kg4 47. Rxg7 Re6 48. Nc3 Rd6 49. Ne2 Re6 50. Nc1 Kf3 51. Nd3 Rd6 52. Rxg6 Rxd4+ 53. Kc3 Rxa4 54. h5 Bd4+ 55. Kb3 Ra1 56. Ne5+ Ke4 57. Nxc6 a4+ 58. Kb4 Bb2 59. h6 a3 60. Kb3 Rh1 61. Ne7 Rh5 62. Nc8 Kf3 63. Nd6 Bd4 64. Nf7 Bb2 65. Ne5+ Kg2 66. Nd3 Bd4 67. Kxa3 Bh8 68. Ne5 Rh3 69. Kb4 Rxg3 70. h7 1-0

[Event "otb"]
[Site "otb"]
[Date "2007.04.11"]
[Round "6"]
[White "Ninov Nikolai"]
[Black "Okhotnik Vladimir"]
[Result "1/2-1/2"]
[WhiteElo "2546"]
[BlackElo "2484"]
[PlyCount "93"]
[Source "www.chesslib.no"]
[SourceDate "2004.05.04"]

1. e4 e5 2. Nf3 Nc6 3. Bc4 Nf6 4. Ng5 d5 5. exd5 Na5 6. Bb5+ Bd7 7. Qe2 Be7 8. d4 exd4 9. Bd2 b6 10. Bxa5 bxa5 11. Bc4 O-O 12. O-O Rb8 13. c3 Bg4 14. Qd3 h6 15. Nf3 Bxf3 16. Qxf3 Rxb2 17. cxd4 a4 18. Nc3 Qd7 19. Rab1 Rfb8 20. Qd3 a3 21. Bb3 Bb4 22. Rxb2 axb2 23. Rb1 Bxc3 24. Qxc3 Nxd5 25. Qxb2 a5 26. Rc1 Nf4 27. Qc2 Re8 28. Kf1 Qg4 29. f3 Qg5 30. g3 Nd5 31. Qc6 Re6 32. Qa8+ Kh7 33. f4 Qf5 34. Qxd5 Qd3+ 35. Kg2 Qd2+ 36. Kh3 Qxc1 37. Qf5+ Kh8 38. Bxe6 Qf1+ 39. Kh4 fxe6 40. Qxe6 Qf2 41. Qe8+ Kh7 42. Qe4+ Kh8 43. Kh5 Qxa2 44. d5 Qb2 45. Qe8+ Kh7 46. Qe4+ Kh8 47. Qe8+ 1/2-1/2

[Event "Basel"]
[Site "?"]
[Date "2000.??.??"]
[Round "?"]
[White "Sokolov, And"]
[Black "Berzinsh, R."]
[Result "1/2-1/2"]
[WhiteElo "2565"]
[BlackElo "2455"]
[PlyCount "93"]
[EventDate "2000.??.??"]
[Source "Chess Informant"]
[SourceDate "1999.10.01"]

1. e4 e5 2. Nf3 Nc6 3. Bc4 Nf6 4. Ng5 d5 5. exd5 Na5 6. Bb5+ Bd7 7. Qe2 Be7 8. Nc3 O-O 9. Bxd7 Qxd7 10. O-O Nxd5 11. Qxe5 c6 12. d3 Rfe8 13. Bd2 Bd6 14. Qd4 Nb4 15. Bf4 Nxc2 16. Qxd6 Qf5 17. Rac1 Rad8 18. Qc7 Rd7 19. Qxd7 Qxd7 20. Rxc2 Qxd3 21. Rcc1 h6 22. Nf3 Nc4 23. b3 Nb2 24. Rfe1 Rxe1+ 25. Nxe1 Qf5 26. Be3 b6 27. h3 h5 28. Ne2 c5 29. Ng3 Qd5 30. Rc2 Qd1 31. Rc1 Qd5 32. Rc2 Qd1 33. Rxb2 Qxe1+ 34. Kh2 h4 35. Ne2 f6 36. Rc2 Qd1 37. Rd2 Qa1 38. Nf4 Qe5 39. Rd5 Qe4 40. Rd2 Qe5 41. Rd5 Qe4 42. Rd8+ Kh7 43. Rd7 Qe5 44. Rxa7 Kg8 45. Ra8+ Kh7 46. Ra7 Kg8 47. Ra8+ 1/2-1/2

[Event "otb"]
[Site "otb"]
[Date "2007.03.17"]
[Round "7"]
[White "Popov Ivan"]
[Black "Chadaev Nikolay"]
[Result "1/2-1/2"]
[WhiteElo "2531"]
[BlackElo "2484"]
[PlyCount "84"]
[Source "www.chesslib.no"]
[SourceDate "2004.05.04"]

1. e4 e5 2. Nf3 Nc6 3. Bc4 Nf6 4. Ng5 d5 5. exd5 Na5 6. Bb5+ c6 7. dxc6 bxc6 8. Qf3 Rb8 9. Bd3 h6 10. Ne4 Nd5 11. Ng3 g6 12. b3 Bg7 13. Ba3 Be6 14. O-O e4 15. Nxe4 Bxa1 16. c3 Nb7 17. Ba6 Kd7 18. Bxb7 Rxb7 19. Nd6 Rc7 20. c4 Qf6 21. cxd5 Bxd5 22. Qd3 Qd4 23. Qh3+ Be6 24. Qg3 Qe5 25. Qd3 Qd5 26. Qa6 Bf5 27. Re1 Bxb1 28. Rxb1 Be5 29. Nc4 Re8 30. Qa4 Qb5 31. Nxe5+ Qxe5 32. Rf1 h5 33. h3 Kc8 34. Qa6+ Kd7 35. Qc4 Qd5 36. Qf4 Kc8 37. Rc1 Re4 38. Qf6 Kb7 39. Qc3 Qd4 40. Qa5 Qb6 41. Qc3 Qd4 42. Qa5 Qb6 1/2-1/2

[Event "60th ch-RUS Higher League"]
[Site "Krasnoyarsk RUS"]
[Date "2007.09.03"]
[Round "1"]
[White "Kurnosov, I."]
[Black "Kiselev, G."]
[Result "1/2-1/2"]
[WhiteElo "2579"]
[BlackElo "2434"]
[PlyCount "60"]
[EventDate "2007.09.03"]
[Source "www.chesslib.no"]
[SourceDate "2004.05.04"]

1. e4 e5 2. Nf3 Nc6 3. Bc4 Nf6 4. Ng5 d5 5. exd5 Na5 6. Bb5+ c6 7. dxc6 bxc6 8. Qf3 Rb8 9. Bd3 Be7 10. O-O O-O 11. Nc3 Rb4 12. Re1 Rg4 13. Nge4 Rf4 14. Nxf6+ Rxf6 15. Qe3 Rh6 16. Bf1 c5 17. Ne4 Qc7 18. d3 f5 19. Nc3 Rd8 20. Nb5 Qb6 21. c4 Nc6 22. Nc3 Nb4 23. Qe2 Rg6 24. Be3 Bb7 25. Rad1 Qc6 26. f3 Qxf3 27. Qxf3 Bxf3 28. Rd2 Bh4 29. Bf2 Bg5 30. Be3 Bh4 1/2-1/2

[Event "Minsk"]
[Site "?"]
[Date "2006.07.15"]
[Round "6"]
[White "Kurnosov Igor"]
[Black "Sivokho Sergey"]
[Result "1-0"]
[WhiteElo "2540"]
[BlackElo "2473"]
[PlyCount "55"]
[EventDate "2006.??.??"]
[Source "www.chesslib.no"]
[SourceDate "2004.05.04"]

1. e4 e5 2. Nf3 Nc6 3. Bc4 Nf6 4. Ng5 d5 5. exd5 Na5 6. Bb5+ c6 7. dxc6 bxc6 8. Qf3 h6 9. Ne4 Nd5 10. Nbc3 Be6 11. Ba4 Be7 12. Qg3 O-O 13. d3 Nf4 14. Bxf4 exf4 15. Qxf4 f5 16. Ng3 Rb8 17. Bb3 Qd7 18. O-O Nxb3 19. axb3 Rb4 20. Qe5 Bd6 21. Qa5 Rb7 22. Rfe1 f4 23. Nge4 Rf5 24. Qa6 Bb8 25. d4 f3 26. g3 Qf7 27. Nc5 Rb6 28. Qd3 1-0

[Event "Groningen"]
[Site "?"]
[Date "2004.??.??"]
[Round "?"]
[White "Van der Wiel, J."]
[Black "Ernst, S."]
[Result "1-0"]
[WhiteElo "2490"]
[BlackElo "2520"]
[PlyCount "45"]
[EventDate "2004.??.??"]
[Source "Chess Informant"]
[SourceDate "2004.10.01"]

1. e4 e5 2. Nf3 Nc6 3. Bc4 Nf6 4. Ng5 d5 5. exd5 Na5 6. Bb5+ c6 7. dxc6 bxc6 8. Qf3 Rb8 9. Bd3 h6 10. Ne4 Nd5 11. b3 g6 12. Qg3 Bg7 13. Bb2 Nf4 14. Qxf4 exf4 15. Bxg7 Kd7 16. Bf6 Qe8 17. O-O Kc7 18. Re1 Bf5 19. Na3 Qe6 20. Bc3 Qd5 21. Nc4 Nxc4 22. bxc4 Qd8 23. Ba5+ 1-0

[Event "Torneo Essent - Open"]
[Site "Hoogeveen OLA"]
[Date "2008.10.22"]
[Round "6"]
[White "Neelotpal, Das"]
[Black "Romanishin, Oleg M"]
[Result "1/2-1/2"]
[WhiteElo "2477"]
[BlackElo "2532"]
[PlyCount "53"]
[EventDate "2008.10.17"]
[Source "www.chesslib.no"]
[SourceDate "2004.05.04"]

1. e4 e5 2. Nf3 Nc6 3. Bc4 Nf6 4. Ng5 d5 5. exd5 Na5 6. Bb5+ c6 7. dxc6 bxc6 8. Qf3 h6 9. Ne4 Nd5 10. Ba4 Be7 11. d3 O-O 12. O-O Nb6 13. Bb3 Nxb3 14. axb3 f5 15. Ned2 Bb7 16. Nc4 Nxc4 17. bxc4 Qd7 18. Nc3 a6 19. Re1 Bd6 20. Qh3 Qf7 21. b3 Rae8 22. Ba3 c5 23. Nd5 Bxd5 24. cxd5 Qxd5 25. Bb2 Qc6 26. Qg3 Rf6 27. Qf3 1/2-1/2

[Event "Paul Keres Mem GMA"]
[Site "Tallinn EST"]
[Date "2008.01.09"]
[Round "5"]
[White "Yemelin, V."]
[Black "Klovans, J."]
[Result "1-0"]
[WhiteElo "2562"]
[BlackElo "2447"]
[PlyCount "59"]
[EventDate "2008.01.06"]
[Source "www.chesslib.no"]
[SourceDate "2004.05.04"]

1. e4 e5 2. Nf3 Nc6 3. Bc4 Nf6 4. Ng5 d5 5. exd5 Na5 6. Bb5+ c6 7. dxc6 bxc6 8. Qf3 Rb8 9. Bd3 Be7 10. b3 O-O 11. Bb2 h6 12. Ne4 Nxe4 13. Qxe4 f5 14. Qe3 e4 15. Be2 Bd6 16. Na3 Qe7 17. Nc4 Nxc4 18. Bxc4+ Be6 19. Bxe6+ Qxe6 20. O-O-O a5 21. d3 a4 22. Qd4 Qg6 23. dxe4 Bf4+ 24. Kb1 axb3 25. axb3 fxe4 26. Qc4+ Kh7 27. Rd7 Rg8 28. g3 Bg5 29. h4 Bd8 30. Re1 1-0

[Event "Lido degli Estensi 87/305"]
[Site "?"]
[Date "2003.??.??"]
[Round "?"]
[White "Felgaer, Ruben"]
[Black "Skembris, S."]
[Result "1/2-1/2"]
[WhiteElo "2547"]
[BlackElo "2448"]
[PlyCount "78"]
[EventDate "2003.??.??"]
[Source "Chess Informant"]
[SourceDate "2003.02.01"]

1. e4 e5 2. Nf3 Nc6 3. Bc4 Nf6 4. Ng5 d5 5. exd5 Na5 6. Bb5+ Bd7 7. Qe2 Be7 8. Nc3 O-O 9. O-O Re8 10. Nge4 c6 11. dxc6 Nxc6 12. Nxf6+ Bxf6 13. Bxc6 Bxc6 14. d3 Rc8 15. Be3 Qc7 16. Qg4 b5 17. f3 Re6 18. Kh1 Be7 19. Rf2 Rf8 20. Qf5 b4 21. Ne2 Bd7 22. Qe4 Bc6 23. Qc4 Qd7 24. Bc5 Bd5 25. Qxb4 Rb6 26. Qa3 Bxc5 27. Qxc5 Rc8 28. Qe3 Rxc2 29. Nc3 Rbxb2 30. Rxc2 Rxc2 31. Nxd5 Qxd5 32. Qxa7 h6 33. a4 Qxd3 34. a5 Ra2 35. Rxa2 Qb1+ 36. Qg1 Qxa2 37. Qe1 f5 38. h3 e4 39. fxe4 fxe4 1/2-1/2